La vida prehistórica.
Guardado en:
| Formato: | |
|---|---|
| Series: | Educable
|
| Materias: | |
| Etiquetas: |
Agregar Etiqueta
Sin Etiquetas, Sea el primero en etiquetar este registro!
|
| LEADER | 00888ngm a22002895g 4500 | ||
|---|---|---|---|
| 001 | CEM.cems022392 | ||
| 008 | 130507b1998##################0###0#####d | ||
| 005 | 20241031164106.0 | ||
| 245 | 0 | 0 | |a La vida prehistórica. |
| 300 | |a 28'. | ||
| 490 | 0 | |a Educable | |
| 500 | |a En soporte VHS, consultar en ventanilla. | ||
| 505 | 0 | |a Origen de la tierra. Evolución de las distintas especies. Datación de fósiles. Darwin. | |
| 538 | |a Soporte: VHS - Norma: Pal N - Color: Si - Grabación DRD 1998 - Hitachi=0000 | ||
| 082 | 5 | 7 | |/ EDU |
| 653 | |a BIOLOGIA | ||
| 653 | |a GEOLOGIA | ||
| 653 | |a PALEONTOLOGIA | ||
| 653 | |a TIERRA | ||
| 653 | |a EVOLUCION | ||
| 653 | |a ORIGENES | ||
| 653 | |a PREHISTORIA | ||
| 653 | |a DARWIN, CARLOS | ||
| 653 | |a FOSILES | ||
| 653 | |a NIVEL PRIMARIO | ||
| 653 | |a NIVEL SECUNDARIO | ||
| 859 | |a CEMS |b BIB. CEMS - Depto. Recursos Didacticos |h 575 |i EDU |k DRD |p 1035.12 |t Ej.1 | ||
